Study on bound rubber in silicone rubber filled with modified ultrafine mineral powder (Record no. 69829)

MARC details
000 -LEADER
fixed length control field 00470nam a2200157Ia 4500
100 ## - MAIN ENTRY--AUTHOR NAME
Personal name Wu Jihuai
245 #0 - TITLE STATEMENT
Title Study on bound rubber in silicone rubber filled with modified ultrafine mineral powder
260 ## - PUBLICATION, DISTRIBUTION, ETC. (IMPRINT)
Name of publisher Rubber Chemistry and Technology
Year of publication 2000
300 ## - PHYSICAL DESCRIPTION
Number of Pages 19-24
650 ## - SUBJECT ADDED ENTRY--TOPICAL TERM
Topical Term Bound rubber
650 ## - SUBJECT ADDED ENTRY--TOPICAL TERM
Topical Term Silicone rubber
700 ## - ADDED ENTRY--PERSONAL NAME
Personal name Donghong Hu Zhen Shen
700 ## - ADDED ENTRY--PERSONAL NAME
Personal name Naisheng Jinling Huang
942 ## - ADDED ENTRY ELEMENTS (KOHA)
Koha item type Journals
Holdings
Withdrawn status Lost status Damaged status Not for loan Home library Current library Shelving location Date acquired Serial Enumeration / chronology Koha item type
      Journals RRII Library RRII Library Rubber chemistry 17/12/2021 Volume 73, Issue 1 Journals